| 000 | 00908cam a22002775a 4500 | ||
|---|---|---|---|
| 001 | 17756383 | ||
| 005 | 20150616161943.0 | ||
| 008 | 130529t2013 inua fr 001 0 eng d | ||
| 020 | _a9780789751638 (pbk.) | ||
| 020 | _a0789751631 (pbk.) | ||
| 040 |
_aYDXCP _beng _cYDXCP _dBDX _dBTCTA _dSINLB _dCDX _dOCLCO _dVP@ _dOCLCF _dDLC _dEG-ScBUE |
||
| 082 | 0 | 4 |
_a686.22544536 _222 _bJOH |
| 100 | 1 |
_aJohnson, Steve, _d1961- _938175 |
|
| 245 | 1 | 0 |
_aAdobe InDesign CC on demand / _cSteve Johnson. |
| 246 | 3 | 0 | _aInDesign CC on demand |
| 260 |
_aIndianapolis : _bQue Publishing / Pearson, _cc.2013. |
||
| 300 |
_axx, 588 p. : _bill. (col.) ; _c24 cm. |
||
| 490 | 0 | _aOn demand | |
| 500 | _aIndex : p. 555-588. | ||
| 630 | 0 | 0 |
_aAdobe InDesign (Electronic resource) _2BUEsh |
| 650 | 0 |
_aDesktop publishing. _2BUEsh |
|
| 651 | _2BUEsh | ||
| 653 |
_bCOMAME _bCOMSCI _cJune2015 |
||
| 655 |
_vreading book _934232 |
||
| 942 | _2ddc | ||
| 999 |
_c19700 _d19672 |
||